| 000 | 01063cam a22001934a 4500 | ||
|---|---|---|---|
| 005 | 20250605164040.0 | ||
| 008 | 250528s ||||||||||||||||||||||||d | ||
| 035 | _a16967 | ||
| 020 | _a140137351 | ||
| 040 |
_aGR-AtMCL _bgre _dGR-AtMCL _eAACR2 |
||
| 245 | 1 | _aThe Care of the Self / The History of Sexuality: Volume 3 | |
| 260 |
_bPenguin Books, _c1986 |
||
| 300 | _a280 | ||
| 520 | _aFoucault's reconstruction of Roman sexual discourse as defined by techniques for self-enhancement and self-respect constitutes a remarkable achievement. Translator's Acknowledgements, Dreaming of One's Pleasures, The Method of Artemidorus, The Analysis, Dream and Act, The Cultivation of the Self, Self and Others, The Marital Role, The Political Game, The Body, Galen, Are They Good? Are They Bad?, The Regimen of Pleasures, The Work of the Soul, The Wife, The Marriage, The Question of Monopoly, The Pleasures of Marriage, Boys, Plutarch, Pseudo-Lucian, A New Erotiks, Conclusion. | ||
| 700 | 1 |
_aFoucault Michel _9674 |
|
| 942 | _cBK | ||
| 999 |
_c2410 _d2410 |
||